[Event "PRO League Group Stage"]
[Site "chess.com INT"]
[Date "2019.02.01"]
[Round "4"]
[White "Manukian, Artak"]
[Black "Garifullina, Leya"]
[Result "1-0"]
[BlackTitle "WCM"]
[WhiteElo "2196"]
[BlackElo "2132"]
[WhiteTeam "Armenia Eagles"]
[BlackTeam "Volga Stormbringers"]
[WhiteFideId "13301373"]
[BlackFideId "34127035"]
[EventDate "2019.01.08"]

1. e4 c5 2. Nf3 d6 3. Bb5+ Bd7 4. Bxd7+ Qxd7 5. c4 Nc6 6. Nc3 Nf6 7. d4 cxd4 8.
Nxd4 g6 9. f3 Bg7 10. Be3 O-O 11. Qd2 Rfc8 12. b3 a6 13. a4 e6 14. Rd1 Rd8 15.
O-O d5 16. cxd5 exd5 17. Nxc6 bxc6 18. Bb6 Rdb8 19. a5 Re8 20. exd5 cxd5 21.
Nxd5 Nxd5 22. Qxd5 Qe7 23. Rc1 Rac8 24. Qd3 Rxc1 25. Rxc1 Qa3 26. Rf1 Ra8 27.
Qd5 Re8 28. Qc4 Qd6 29. b4 Be5 30. f4 Bg7 31. h3 Ra8 32. Kh1 Qd2 33. f5 Qd7 34.
fxg6 hxg6 35. Bc5 Qb7 36. Qe2 Bf8 37. Qe5 Bxc5 38. bxc5 Rc8 39. Rc1 Qb5 40. Qc3
Qc6 41. Qc4 Rd8 42. Qb4 Rc8 43. Qb6 Kg7 44. Kg1 Kg8 45. Kf2 Qe4 46. Qd6 Rc6 47.
Qd2 Qe5 48. Qc3 Qf4+ 49. Kg1 Qf5 50. Kh1 Qd5 51. Qe3 Re6 52. Qf4 Rc6 53. Qf2 Rc7
54. Kg1 Rc8 55. Qe3 Qc6 56. Qd4 Qb5 57. Qc3 Qc6 58. Qc4 Rb8 59. Rf1 Rb7 60. Kh1
Rc7 61. Rc1 Rb7 62. Rd1 Rc7 63. Rd8+ Kh7 64. Qh4+ Kg7 65. Qh8# 1-0

[Event "PRO League Group Stage"]
[Site "chess.com INT"]
[Date "2019.02.01"]
[Round "4"]
[White "Bacrot, Etienne"]
[Black "Huschenbeth, Niclas"]
[Result "1/2-1/2"]
[WhiteTitle "GM"]
[BlackTitle "GM"]
[WhiteElo "2684"]
[BlackElo "2585"]
[WhiteTeam "Marseille Migraines"]
[BlackTeam "Berlin Bears"]
[WhiteFideId "605506"]
[BlackFideId "24604747"]
[EventDate "2019.01.08"]

1. Nf3 d5 2. e3 Nf6 3. c4 e6 4. Nc3 c5 5. cxd5 exd5 6. d4 Nc6 7. Bb5 cxd4 8.
exd4 Bd6 9. h3 O-O 10. O-O h6 11. Re1 Bf5 12. Ne5 Nb4 13. Ba4 Ne4 14. a3 Bxe5
15. dxe5 Nxc3 16. bxc3 Nc6 17. Bb3 Be6 18. Bc2 Qh4 19. a4 Rfd8 20. Ba3 Rac8 21.
Bd6 Na5 22. Qd3 g6 23. Qf3 Nc4 24. g3 Qxh3 25. Be7 Bg4 26. Qf6 Nd2 27. Bd1 Rxc3
28. Bxg4 Qxg4 29. e6 Rxg3+ 30. fxg3 Qxg3+ 31. Kh1 Qh3+ 32. Kg1 Qg3+ 33. Kh1 Qh3+
34. Kg1 1/2-1/2

[Event "PRO League Group Stage"]
[Site "chess.com INT"]
[Date "2019.02.01"]
[Round "4"]
[White "Lampert, Jonas"]
[Black "Le Roux, Jean-Pierre"]
[Result "0-1"]
[WhiteTitle "IM"]
[BlackTitle "GM"]
[WhiteElo "2544"]
[BlackElo "2533"]
[WhiteTeam "Berlin Bears"]
[BlackTeam "Marseille Migraines"]
[WhiteFideId "1303759"]
[BlackFideId "609404"]
[EventDate "2019.01.08"]

1. d4 Nf6 2. c4 e6 3. Nc3 Bb4 4. Nf3 b6 5. Bd2 Bb7 6. e3 O-O 7. Bd3 d6 8. O-O
Nbd7 9. Qc2 Qe7 10. a3 Bxc3 11. Bxc3 c5 12. b4 cxd4 13. Bxd4 e5 14. Bb2 e4 15.
Be2 exf3 16. gxf3 Rac8 17. Rad1 b5 18. c5 dxc5 19. Qd2 cxb4 20. axb4 Rfd8 21. e4
h6 22. Qf4 Qxb4 23. Ba1 a6 24. Kh1 Nxe4 25. Rd4 Nxf2+ 26. Kg2 Qe7 27. Kxf2 Nf8
28. Rg1 Ne6 29. Qxh6 Qc5 30. Rg4 Rxd4 31. Bxd4 Qxd4+ 32. Rxd4 gxh6 0-1

[Event "PRO League Group Stage"]
[Site "chess.com INT"]
[Date "2019.02.01"]
[Round "4"]
[White "Sebag, Marie"]
[Black "Baldauf, Marco"]
[Result "1-0"]
[WhiteTitle "GM"]
[BlackTitle "IM"]
[WhiteElo "2476"]
[BlackElo "2485"]
[WhiteTeam "Marseille Migraines"]
[BlackTeam "Berlin Bears"]
[WhiteFideId "617822"]
[BlackFideId "4688210"]
[EventDate "2019.01.08"]

1. e4 c6 2. d4 d5 3. exd5 cxd5 4. Bd3 Nf6 5. Nf3 Bg4 6. h3 Bh5 7. c3 e6 8. Bf4
Nc6 9. Nbd2 Bd6 10. Bxd6 Qxd6 11. O-O O-O 12. Re1 Rab8 13. a4 Qc7 14. Qb3 Bxf3
15. Nxf3 a6 16. Qa3 b5 17. axb5 axb5 18. Ne5 b4 19. Qa6 Rb6 20. Qa4 bxc3 21.
bxc3 Nxe5 22. dxe5 Nd7 23. Qd4 Rc8 24. Re3 Rc6 25. Ra7 Qd8 26. c4 Qb6 27. Bxh7+
Kxh7 28. Qh4+ Kg8 29. Rxd7 dxc4 30. Rg3 Rf8 31. Qf6 Qb1+ 32. Kh2 Qh7 33. Rd4 g6
34. Rc3 Rfc8 35. Rd8+ Rxd8 36. Qxd8+ Kg7 37. Ra3 c3 38. Ra8 g5 39. Qf6# 1-0

[Event "PRO League Group Stage"]
[Site "chess.com INT"]
[Date "2019.02.01"]
[Round "4"]
[White "Florstedt, Johannes"]
[Black "Delorme, Alban"]
[Result "1/2-1/2"]
[WhiteTitle "FM"]
[BlackTitle "FM"]
[WhiteElo "2320"]
[BlackElo "2320"]
[WhiteTeam "Berlin Bears"]
[BlackTeam "Marseille Migraines"]
[WhiteFideId "12922293"]
[BlackFideId "623636"]
[EventDate "2019.01.08"]

1. e4 c5 2. Nf3 Nc6 3. d4 cxd4 4. Nxd4 Nf6 5. Nc3 d6 6. f3 Nxd4 7. Qxd4 g6 8.
Bg5 Bg7 9. O-O-O O-O 10. Qb4 a5 11. Qa3 Be6 12. e5 Ne8 13. Nb5 Bxe5 14. h4 Rc8
15. h5 Bg7 16. Kb1 Bc4 17. Bxc4 Rxc4 18. hxg6 hxg6 19. Qe3 Rb4 20. Bxe7 Qd7 21.
Nd4 Nf6 22. Bxf8 Kxf8 23. c3 Nd5 24. Ne6+ fxe6 25. Rxd5 Rxb2+ 26. Kxb2 exd5 27.
Qf4+ Kg8 28. Kc2 d4 29. cxd4 Qa4+ 30. Kd3 Qa3+ 31. Ke4 Qxa2 32. Qxd6 Qc2+ 33.
Kd5 Qb3+ 34. Ke4 Qc2+ 35. Kf4 Qd2+ 36. Kg3 Qg5+ 37. Kf2 Qd2+ 38. Kg3 Qg5+ 39.
Kf2 Qd2+ 40. Kg3 Qg5+ 41. Kf2 1/2-1/2

[Event "PRO League Group Stage"]
[Site "chess.com INT"]
[Date "2019.02.06"]
[Round "5"]
[White "Heimann, Mark"]
[Black "Edouard, Romain"]
[Result "0-1"]
[WhiteTitle "FM"]
[BlackTitle "GM"]
[WhiteElo "2367"]
[BlackElo "2643"]
[WhiteTeam "Pittsburgh Pawngrabbers"]
[BlackTeam "London Lions"]
[WhiteFideId "2028441"]
[BlackFideId "633429"]
[EventDate "2019.01.08"]

1. Nf3 c5 2. e4 d6 3. Bb5+ Nd7 4. d4 cxd4 5. Qxd4 a6 6. Bxd7+ Qxd7 7. Nc3 e5 8.
Qd3 f5 9. exf5 Nf6 10. Nh4 Be7 11. Bg5 b5 12. f4 b4 13. Ne4 d5 14. Bxf6 gxf6 15.
Nd2 Qc6 16. O-O-O a5 17. fxe5 fxe5 18. Nhf3 e4 19. Nd4 Qc5 20. Qb5+ Bd7 21. Qxc5
Bxc5 22. N2b3 Bb6 23. Ne6 Bxe6 24. fxe6 Rd8 25. Rhf1 Rf8 26. Rxf8+ Kxf8 27. Rf1+
Ke7 28. Rf7+ Kxe6 29. Rxh7 Be3+ 30. Kd1 a4 31. Na5 Rf8 32. Nc6 b3 33. axb3 axb3
34. cxb3 Rf2 35. Rh3 Bg5 36. Rg3 Bf6 37. b4 d4 38. b5 e3 39. b6 Rxb2 40. Rg4 e2+
41. Ke1 d3 42. Kf2 Bc3 43. Nd4+ Kf6 44. Rf4+ Ke5 45. Kg3 e1=Q+ 46. Kg4 Bxd4 0-1

[Event "PRO League Group Stage"]
[Site "chess.com INT"]
[Date "2019.02.06"]
[Round "5"]
[White "Brattain, Mika"]
[Black "Movsesian, Sergei"]
[Result "0-1"]
[BlackTitle "GM"]
[WhiteElo "2411"]
[BlackElo "2629"]
[WhiteTeam "Pittsburgh Pawngrabbers"]
[BlackTeam "London Lions"]
[WhiteFideId "2071142"]
[BlackFideId "310204"]
[EventDate "2019.01.08"]

1. d4 Nf6 2. c4 d6 3. Nc3 Nbd7 4. e4 e5 5. Nf3 g6 6. Be2 Bg7 7. O-O O-O 8. Qc2
c6 9. Rd1 Qe7 10. b3 exd4 11. Nxd4 Nc5 12. f3 Nh5 13. g4 Nf6 14. Bf4 Nfd7 15.
Qd2 Ne5 16. Bg5 Bf6 17. h4 a5 18. Kg2 Bxg5 19. Qxg5 f6 20. Qe3 Be6 21. Kg3 Rfe8
22. f4 Nf7 23. g5 Bd7 24. Bf3 Ne6 25. Nce2 Ng7 26. Qc3 fxg5 27. hxg5 c5 28. Nc2
Bc6 29. Re1 Bxe4 30. Ng1 Nxg5 31. fxg5 Qxg5+ 32. Kf2 Qh4+ 33. Kg2 Bxc2 34. Rxe8+
Rxe8 35. Qxc2 Nf5 36. Bd5+ Kg7 37. Qc3+ Re5 38. Qh3 Qd4 0-1

[Event "PRO League Group Stage"]
[Site "chess.com INT"]
[Date "2019.02.06"]
[Round "5"]
[White "Roberson, Peter T"]
[Black "Erenburg, Sergey"]
[Result "0-1"]
[WhiteTitle "IM"]
[BlackTitle "GM"]
[WhiteElo "2420"]
[BlackElo "2589"]
[WhiteTeam "London Lions"]
[BlackTeam "Pittsburgh Pawngrabbers"]
[WhiteFideId "412384"]
[BlackFideId "2805642"]
[EventDate "2019.01.08"]

1. e4 c6 2. Nf3 d5 3. Nc3 Bg4 4. h3 Bxf3 5. Qxf3 Nf6 6. d3 e6 7. a3 d4 8. Ne2 c5
9. g4 Nc6 10. Bg2 Bd6 11. Ng3 h6 12. O-O Qc7 13. Bd2 Ne5 14. Qe2 Ng6 15. c3 Bxg3
16. fxg3 Qxg3 17. cxd4 cxd4 18. Rac1 O-O 19. Rf3 Qe5 20. Qf2 Nh7 21. h4 Nf6 22.
Bh3 Rac8 23. Rxc8 Rxc8 24. g5 hxg5 25. hxg5 Nh7 26. Rxf7 Nxg5 27. Bxg5 Qxg5+ 28.
Kh1 Rc1+ 29. Bf1 Qh5+ 30. Kg1 Ne5 31. Rxb7 Nf3+ 32. Kg2 Qg4+ 33. Qg3 Rc2+ 0-1

[Event "PRO League Group Stage"]
[Site "chess.com INT"]
[Date "2019.02.06"]
[Round "5"]
[White "Toma, Katarzyna"]
[Black "Postny, Evgeny"]
[Result "0-1"]
[WhiteTitle "WGM"]
[BlackTitle "GM"]
[WhiteElo "2173"]
[BlackElo "2623"]
[WhiteTeam "London Lions"]
[BlackTeam "Pittsburgh Pawngrabbers"]
[WhiteFideId "1119907"]
[BlackFideId "2804344"]
[EventDate "2019.01.08"]

1. e4 e5 2. Nf3 Nc6 3. Bb5 a6 4. Ba4 Nf6 5. Qe2 b5 6. Bb3 Be7 7. c3 d6 8. O-O
O-O 9. Rd1 Na5 10. Bc2 c5 11. d3 Qc7 12. Nbd2 Re8 13. Nf1 Bf8 14. Bg5 Nd7 15.
Ng3 Nb6 16. Nh4 g6 17. Rac1 Bg7 18. Qf3 Nc6 19. Bf6 Bxf6 20. Qxf6 Qe7 21. Qxe7
Rxe7 22. Nf3 Bg4 23. Ne2 d5 24. h3 Bxf3 25. gxf3 Rd8 26. f4 exf4 27. Nxf4 d4 28.
Kf1 Ne5 29. cxd4 Rxd4 30. Ne2 Rd6 31. d4 cxd4 32. Rxd4 Rxd4 33. Nxd4 Rd7 34. Rd1
Nbc4 35. b4 Nb2 36. Rb1 Rxd4 37. Rxb2 Nc4 0-1

[Event "PRO League Group Stage"]
[Site "chess.com INT"]
[Date "2019.02.06"]
[Round "5"]
[White "Smith, Daniel"]
[Black "Iturrizaga Bonelli, Eduardo"]
[Result "0-1"]
[BlackTitle "GM"]
[WhiteElo "2047"]
[BlackElo "2637"]
[WhiteTeam "Montclair Sopranos"]
[BlackTeam "Miami Champions"]
[WhiteFideId "2024195"]
[BlackFideId "3901211"]
[EventDate "2019.01.08"]

1. e4 c5 2. Nf3 e6 3. d4 cxd4 4. Nxd4 a6 5. c4 Nf6 6. Bd3 d6 7. O-O g6 8. Nc3
Bg7 9. Kh1 O-O 10. f4 Nbd7 11. Be3 b6 12. b4 Bb7 13. Qe1 Rc8 14. Rc1 e5 15. Nf3
exf4 16. Bxf4 Ne5 17. Qe2 Nxd3 18. Qxd3 Re8 19. Rfe1 Nh5 20. Bg5 Qd7 21. Nd5
Bxd5 22. exd5 h6 23. Bd2 Qg4 24. c5 Rxe1+ 25. Rxe1 bxc5 26. Qxa6 cxb4 27. Qxd6
Bc3 28. Rf1 Qc4 29. Rc1 Qxa2 30. Qd7 Ra8 31. Bxh6 Nf6 32. Qc6 Ng4 33. d6 Nxh6
34. d7 Rd8 35. Qc7 Bf6 36. Re1 Kg7 37. Nd4 Qd5 38. Rd1 Kh7 39. Qc8 Qxd7 0-1

[Event "PRO League Group Stage"]
[Site "chess.com INT"]
[Date "2019.02.06"]
[Round "5"]
[White "Lenderman, Aleksandr"]
[Black "Haddouche, Mohamed"]
[Result "1/2-1/2"]
[WhiteTitle "GM"]
[BlackTitle "GM"]
[WhiteElo "2637"]
[BlackElo "2489"]
[WhiteTeam "Montclair Sopranos"]
[BlackTeam "Miami Champions"]
[WhiteFideId "2021285"]
[BlackFideId "7900660"]
[EventDate "2019.01.08"]

1. d4 Nf6 2. c4 d6 3. Nc3 g6 4. e4 Bg7 5. Nf3 O-O 6. Be2 Nbd7 7. O-O e5 8. Qc2
Qe7 9. Rd1 c6 10. d5 c5 11. Bg5 h6 12. Bd2 Ne8 13. g3 Ndf6 14. a3 Nh7 15. Qc1 h5
16. b4 b6 17. Rb1 Bg4 18. Nh4 Bf6 19. Bxg4 hxg4 20. Ng2 Bg5 21. Rf1 Bxd2 22.
Qxd2 Ng5 23. Nh4 Kg7 24. Qe2 Nf6 25. f3 gxf3 26. Nxf3 Nh3+ 27. Kg2 Rh8 28. bxc5
bxc5 29. Qd2 Rh5 30. Rb2 Rah8 31. Kh1 Ng4 32. Nh4 Rxh4 33. gxh4 Qxh4 34. Qe1
Qxe1 35. Rxe1 Nhf2+ 36. Rxf2 Nxf2+ 37. Kg2 Nd3 38. Rb1 Nf4+ 39. Kh1 a6 1/2-1/2

[Event "PRO League Group Stage"]
[Site "chess.com INT"]
[Date "2019.02.06"]
[Round "5"]
[White "Katz, Alexander"]
[Black "Sevian, Samuel"]
[Result "0-1"]
[WhiteTitle "IM"]
[BlackTitle "GM"]
[WhiteElo "2433"]
[BlackElo "2647"]
[WhiteTeam "Miami Champions"]
[BlackTeam "Montclair Sopranos"]
[WhiteFideId "2039796"]
[BlackFideId "2040506"]
[EventDate "2019.01.08"]

1. e4 e5 2. Nf3 Nc6 3. Bc4 Bc5 4. c3 Nf6 5. d3 O-O 6. O-O d5 7. exd5 Nxd5 8. Re1
Bg4 9. Nbd2 Nb6 10. Bb5 Bd6 11. h3 Bh5 12. Ne4 f5 13. Ng3 Bxf3 14. Qxf3 Qd7 15.
d4 e4 16. Qd1 a6 17. Bf1 Rae8 18. a4 Kh8 19. a5 Nd5 20. Ne2 e3 21. fxe3 Nxe3 22.
Qd3 Nd5 23. Qf3 Qf7 24. Bd2 Nf6 25. Bf4 Qb3 26. Bxd6 cxd6 27. Nf4 Qxb2 28. Reb1
Qd2 29. Rxb7 Nxd4 30. Qg3 g5 31. Qxg5 Nf3+ 32. gxf3 Rg8 33. Qxg8+ Rxg8+ 34. Ng2
Nd5 35. Ra4 Ne3 36. Rh4 Rxg2+ 0-1

[Event "PRO League Group Stage"]
[Site "chess.com INT"]
[Date "2019.02.06"]
[Round "5"]
[White "Wang, Tianqi"]
[Black "Guseinov, Gadir"]
[Result "1/2-1/2"]
[BlackTitle "GM"]
[WhiteElo "2329"]
[BlackElo "2664"]
[WhiteTeam "Miami Champions"]
[BlackTeam "Montclair Sopranos"]
[WhiteFideId "2063824"]
[BlackFideId "13401378"]
[EventDate "2019.01.08"]

1. Nf3 g6 2. c4 Bg7 3. e3 d6 4. Be2 e5 5. d3 f5 6. Nc3 Nf6 7. Qc2 O-O 8. O-O Kh8
9. c5 Nc6 10. cxd6 cxd6 11. a3 Be6 12. b4 Rc8 13. Bb2 d5 14. Qd2 e4 15. Ng5 Bg8
16. dxe4 dxe4 17. Rfd1 Qxd2 18. Rxd2 h6 19. Nh3 g5 20. Nb5 a6 21. Nd6 Rcd8 22.
Rad1 Bb3 23. Nxb7 Bxd1 24. Nxd8 Bxe2 25. Ne6 Re8 26. Nxg7 Kxg7 27. Rxe2 Ne5 28.
Rc2 Kg6 29. Bd4 Nfg4 30. Rc5 Re6 31. Kf1 Nd3 32. Rc3 Nxh2+ 33. Ke2 f4 34. exf4
Nxf4+ 35. Nxf4+ gxf4 36. a4 Rd6 37. Be5 f3+ 38. gxf3 exf3+ 39. Ke3 Ng4+ 40. Kf4
Nxe5 41. Kxe5 Rb6 42. Rxf3 Rxb4 43. Rf6+ Kg5 44. f4+ Kg4 45. Rxh6 Rxa4 46. Rg6+
Kh5 47. f5 Ra5+ 48. Ke6 Rb5 49. Rg1 Rb6+ 50. Ke5 Rb5+ 51. Kf6 Rb6+ 52. Kg7 Rb7+
53. Kf8 Rb8+ 54. Ke7 Rb7+ 55. Ke6 1/2-1/2

[Event "PRO League Group Stage"]
[Site "chess.com INT"]
[Date "2019.02.06"]
[Round "5"]
[White "Edouard, Romain"]
[Black "Brattain, Mika"]
[Result "0-1"]
[WhiteTitle "GM"]
[WhiteElo "2643"]
[BlackElo "2411"]
[WhiteTeam "London Lions"]
[BlackTeam "Pittsburgh Pawngrabbers"]
[WhiteFideId "633429"]
[BlackFideId "2071142"]
[EventDate "2019.01.08"]

1. Nf3 Nf6 2. c4 g6 3. g3 Bg7 4. Bg2 O-O 5. O-O c5 6. Nc3 d5 7. cxd5 Nxd5 8. Qa4
Nb6 9. Qh4 c4 10. Rd1 e6 11. d4 cxd3 12. Bg5 f6 13. Rxd3 Qe7 14. Be3 Nc6 15. Ne4
g5 16. Qh5 g4 17. Bc5 Qf7 18. Qxg4 f5 19. Qh4 fxe4 20. Ng5 Qg6 21. Bxe4 Rf5 22.
Bxf5 Qxf5 23. Rad1 Bf6 24. Be3 Nd5 25. Bc1 Qg6 26. a3 Ne5 27. Rd4 h6 28. Qe4
hxg5 29. Qxg6+ Nxg6 30. Rc4 Bd7 31. e4 Nb6 32. Rc5 Be7 33. Rc7 Bc6 34. f3 Bd8
35. Rxd8+ Rxd8 36. Bxg5 Rd7 37. Rxd7 Nxd7 38. Kf2 Nge5 39. Be3 Nd3+ 40. Ke2 Nxb2
41. Bxa7 b6 42. Ke3 Nc4+ 43. Kf4 Nxa3 44. Kg5 Nb5 45. Bxb6 Nxb6 46. Kf6 Nd4 47.
f4 Bxe4 48. Ke5 Bf5 49. Kxd4 Nd5 50. Ke5 Kf7 51. Kd6 Kg6 52. Kc5 Kh5 0-1

[Event "PRO League Group Stage"]
[Site "chess.com INT"]
[Date "2019.02.06"]
[Round "5"]
[White "Movsesian, Sergei"]
[Black "Heimann, Mark"]
[Result "1-0"]
[WhiteTitle "GM"]
[BlackTitle "FM"]
[WhiteElo "2629"]
[BlackElo "2367"]
[WhiteTeam "London Lions"]
[BlackTeam "Pittsburgh Pawngrabbers"]
[WhiteFideId "310204"]
[BlackFideId "2028441"]
[EventDate "2019.01.08"]

1. e4 d5 2. exd5 Qxd5 3. Nc3 Qd6 4. d4 Nf6 5. Nf3 a6 6. Be2 Nbd7 7. O-O b5 8.
Ng5 e6 9. Bf3 c6 10. a4 b4 11. Nce4 Qc7 12. g3 Nxe4 13. Nxe4 Bb7 14. Bf4 Qd8 15.
Nd6+ Bxd6 16. Bxd6 a5 17. c3 Nb8 18. Bc5 Na6 19. cxb4 axb4 20. Qc2 Qa5 21. Bd6
Rc8 22. Rfe1 Qd8 23. Bc5 Nxc5 24. Qxc5 Qe7 25. a5 Qxc5 26. dxc5 Ba6 27. Ra4 Bb5
28. Rxb4 Kd7 29. Rd4+ Kc7 30. Red1 Rhd8 31. b4 Rxd4 32. Rxd4 Rb8 33. h4 e5 34.
Rd2 Ba4 35. Rb2 Bb5 36. Be4 h6 37. f3 g6 38. Kf2 f5 39. Bc2 h5 40. Ke3 Bc4 41.
Kd2 Bd5 42. f4 e4 43. Kc3 Rd8 44. Bd1 Be6 45. Be2 Bd5 46. a6 Ra8 47. Rd2 Rb8 48.
b5 1-0

[Event "PRO League Group Stage"]
[Site "chess.com INT"]
[Date "2019.02.06"]
[Round "5"]
[White "Postny, Evgeny"]
[Black "Roberson, Peter T"]
[Result "1-0"]
[WhiteTitle "GM"]
[BlackTitle "IM"]
[WhiteElo "2623"]
[BlackElo "2420"]
[WhiteTeam "Pittsburgh Pawngrabbers"]
[BlackTeam "London Lions"]
[WhiteFideId "2804344"]
[BlackFideId "412384"]
[EventDate "2019.01.08"]

1. d4 Nf6 2. c4 e6 3. Nf3 c5 4. d5 d6 5. Nc3 exd5 6. cxd5 g6 7. Nd2 Nbd7 8. e4
Bg7 9. Be2 O-O 10. O-O Re8 11. a4 Qe7 12. Re1 Ne5 13. h3 g5 14. Nf1 g4 15. hxg4
Bxg4 16. Ng3 Bd7 17. Bb5 Ng6 18. Bxd7 Nxd7 19. Nf5 Qe5 20. Nb5 Bf8 21. Nc7 Nf6
22. Nxa8 Rxa8 23. f3 Re8 24. Bd2 Qxb2 25. Rb1 Qe5 26. Qc2 Nh5 27. Rxb7 Qf6 28.
Bc3 Qg5 29. Qd2 Nhf4 30. g3 h6 31. Kf2 Qh5 32. gxf4 Qh2+ 33. Ke3 Qxf4+ 34. Kd3
Qxf3+ 35. Qe3 Nf4+ 36. Kc2 Qg2+ 37. Qd2 Qf3 38. Re3 Qf1 39. Rg3+ Ng6 40. Nxh6+
Bxh6 41. Qxh6 Qe2+ 42. Kb3 Qd1+ 43. Ka3 Qc1+ 44. Qxc1 1-0

[Event "PRO League Group Stage"]
[Site "chess.com INT"]
[Date "2019.02.06"]
[Round "5"]
[White "Erenburg, Sergey"]
[Black "Toma, Katarzyna"]
[Result "1-0"]
[WhiteTitle "GM"]
[BlackTitle "WGM"]
[WhiteElo "2589"]
[BlackElo "2173"]
[WhiteTeam "Pittsburgh Pawngrabbers"]
[BlackTeam "London Lions"]
[WhiteFideId "2805642"]
[BlackFideId "1119907"]
[EventDate "2019.01.08"]

1. e4 c5 2. Nf3 Nc6 3. Bb5 e6 4. O-O Nge7 5. d4 d5 6. dxc5 dxe4 7. Qxd8+ Kxd8 8.
Ng5 Ke8 9. Nxe4 Nf5 10. c3 Bd7 11. Na3 a6 12. Be2 Ne5 13. Bf4 Bc6 14. Bxe5 Bxe4
15. b4 f6 16. Bh5+ Ke7 17. Rfe1 Bc6 18. Bf4 g5 19. Bc7 Rc8 20. Bg4 Rxc7 21. Bxf5
e5 22. Nc4 Bd7 23. Be4 Be6 24. Nd6 Kd7 25. Rad1 Bxd6 26. Rxd6+ Ke7 27. a4 h5 28.
a5 h4 29. Red1 g4 30. Rb6 Bc8 31. Rdd6 Rf8 32. Kf1 f5 33. Bd5 f4 34. Rh6 h3 35.
Rh7+ Kd8 36. Rd6+ Rd7 37. Rhxd7+ Bxd7 38. Be6 1-0

[Event "PRO League Group Stage"]
[Site "chess.com INT"]
[Date "2019.02.06"]
[Round "5"]
[White "Xu, Grant"]
[Black "Caruana, Fabiano"]
[Result "1/2-1/2"]
[BlackTitle "GM"]
[WhiteElo "2207"]
[BlackElo "2828"]
[WhiteTeam "New York Marshalls"]
[BlackTeam "Saint Louis Arch Bishops"]
[WhiteFideId "2052318"]
[BlackFideId "2020009"]
[EventDate "2019.01.08"]

1. e4 e6 2. b3 d5 3. Bb2 dxe4 4. Nc3 Nf6 5. Qe2 Nc6 6. Nxe4 Nxe4 7. Qxe4 Qd5 8.
Qxd5 exd5 9. O-O-O f6 10. g3 Kf7 11. Bg2 Ne7 12. Ne2 c6 13. h4 Nf5 14. Rde1 Bc5
15. d4 Bd6 16. h5 Bd7 17. Kb1 Rae8 18. Bc1 g5 19. hxg6+ hxg6 20. Rxh8 Rxh8 21.
Rh1 Rxh1 22. Bxh1 g5 23. Bf3 Ng7 24. g4 Ne6 25. c4 dxc4 26. bxc4 b6 27. d5 cxd5
28. Bxd5 Ke7 29. Be3 Be5 30. Kc2 Nc7 31. Bf3 Be6 32. c5 b5 33. a3 Bd5 34. Bxd5
Nxd5 35. Bd4 Kd7 36. c6+ Kxc6 37. Bxa7 Ne7 38. Kd3 Kd5 39. Be3 Ng6 40. f3 Bd6
41. Nc3+ Kc6 42. Bc1 Ne5+ 43. Ke4 Nc4 44. f4 gxf4 45. Bxf4 Bxa3 46. Nxb5 Kxb5
47. g5 f5+ 48. Kxf5 Bb2 49. Ke6 Kc6 50. g6 Bc3 51. Kf7 Bd4 52. g7 Bxg7 53. Kxg7 1/2-1/2

[Event "PRO League Group Stage"]
[Site "chess.com INT"]
[Date "2019.02.06"]
[Round "5"]
[White "Khamrakulov, Djurabek"]
[Black "So, Wesley"]
[Result "1/2-1/2"]
[WhiteTitle "GM"]
[BlackTitle "GM"]
[WhiteElo "2503"]
[BlackElo "2765"]
[WhiteTeam "New York Marshalls"]
[BlackTeam "Saint Louis Arch Bishops"]
[WhiteFideId "14201143"]
[BlackFideId "5202213"]
[EventDate "2019.01.08"]

1. e4 c6 2. d4 d5 3. exd5 cxd5 4. Bd3 Nc6 5. c3 Nf6 6. Bf4 Bg4 7. Qb3 Qd7 8. Nd2
e6 9. Ngf3 Bd6 10. Bxd6 Qxd6 11. Qxb7 Rb8 12. Qa6 O-O 13. Rb1 Rb6 14. Qa3 Qxa3
15. bxa3 Rxb1+ 16. Bxb1 Rb8 17. Kd1 Ne4 18. Bxe4 dxe4 19. h3 exf3 20. hxg4 fxg2
21. Rg1 Rb2 22. Rxg2 Rxa2 23. f4 Ne7 24. Rg3 Rxa3 25. Kc2 Ra2+ 26. Kd3 Nd5 27.
Rf3 Kf8 28. f5 Ke7 29. fxe6 fxe6 30. g5 Ra1 31. Ne4 a5 32. Rf2 Re1 33. Nc5 Re3+
34. Kd2 Rxc3 35. Re2 Kf7 36. Nxe6 Rg3 37. Re5 Nb4 38. Nf4 Nc6 39. Rf5+ Ke7 40.
d5 Nd4 41. d6+ Kd7 42. Rf7+ Kxd6 43. Rxg7 Nf3+ 44. Kc2 Nxg5 45. Ra7 Ra3 46. Rg7
Rg3 47. Ra7 Ra3 48. Rg7 h6 49. Rg6+ Ke5 50. Nd3+ Ke4 51. Nc5+ Kd5 52. Nd3 Ke4
53. Nc5+ Kd5 54. Nd3 Nf7 55. Rf6 Nd6 56. Rxh6 Ne4 57. Nc1 a4 58. Kb2 Rf3 59. Rh8
Kc4 60. Rc8+ Nc5 61. Rc7 Rg3 62. Rc8 Rg2+ 63. Ka3 Rc2 64. Na2 Rd2 65. Nb4 Kb5
66. Rb8+ Kc4 67. Rc8 Rd6 68. Rc7 Re6 69. Nd3 Kxd3 70. Rxc5 Kd4 71. Ra5 Re4 72.
Rxa4+ Ke5 73. Rxe4+ Kxe4 1/2-1/2

[Event "PRO League Group Stage"]
[Site "chess.com INT"]
[Date "2019.02.06"]
[Round "5"]
[White "Niemann, Hans"]
[Black "Azarov, Sergei"]
[Result "0-1"]
[WhiteTitle "IM"]
[BlackTitle "GM"]
[WhiteElo "2466"]
[BlackElo "2575"]
[WhiteTeam "Saint Louis Arch Bishops"]
[BlackTeam "New York Marshalls"]
[WhiteFideId "2093596"]
[BlackFideId "13501470"]
[EventDate "2019.01.08"]

1. d4 Nf6 2. c4 e6 3. Nf3 b6 4. g3 Ba6 5. Nbd2 Bb7 6. Bg2 c5 7. dxc5 Bxc5 8. O-O
O-O 9. a3 Be7 10. b3 d6 11. Bb2 Nbd7 12. Nd4 Bxg2 13. Kxg2 Qc7 14. e4 a6 15. Qe2
Rac8 16. Rac1 Qb7 17. Kg1 Rfe8 18. Rfe1 Bf8 19. N4f3 b5 20. cxb5 axb5 21. Nd4
Rxc1 22. Rxc1 Rb8 23. b4 h6 24. Kg2 e5 25. N4b3 d5 26. Na5 Qa8 27. Nc6 Rb6 28.
exd5 Nxd5 29. Qf3 Rxc6 30. Qxd5 Rc8 31. Qxa8 Rxa8 32. Rc7 Nf6 33. Rb7 Rd8 34.
Nf1 Ne4 35. Bxe5 f6 36. Bf4 Rd3 37. Rxb5 Rxa3 38. Rb8 Rb3 39. b5 Kf7 40. Bc7 Bc5
41. b6 Rb2 42. Kf3 f5 43. Kf4 Rxf2+ 44. Ke5 Rxf1 45. b7 Rb1 46. Kd5 Ba7 47. Ra8
Rxb7 48. Kc6 Rxc7+ 49. Kxc7 Bg1 50. Ra2 Kf6 51. Kc6 g5 52. Rg2 Be3 53. Kd5 Nf2
54. Rg1 f4 55. g4 f3 56. Rg3 Bf4 57. Rxf3 Nxg4 58. h4 Kf5 59. hxg5 hxg5 60. Kd4
Ne5 61. Rf1 g4 62. Kd5 g3 63. Rg1 Nf3 64. Rg2 Nh4 65. Rxg3 Bxg3 66. Kc6 Be5 67.
Kd5 Nf3 68. Kc6 Ke4 69. Kc5 Nd4 70. Kb6 Bd6 71. Kb7 Kd5 72. Ka8 Kc6 73. Ka7 Nb5+
74. Ka8 Bc5 75. Kb8 Nc7 76. Kc8 Ba7 77. Kd8 Nd5 78. Ke8 Kd6 79. Kf7 Ne7 80. Kg7
Be3 81. Kf7 Bd4 82. Ke8 Ke6 83. Kf8 Be5 84. Ke8 Bc7 85. Kf8 Nf5 86. Kg8 Kf6 87.
Kf8 Ng7 88. Kg8 Kg6 89. Kf8 Bd6+ 90. Kg8 Nh5 91. Kh8 Bf8 92. Kg8 Bh6 93. Kh8
Bg7+ 0-1